000 00498nam a2200169 i 4500
001 37854
003 ES-MaACL
005 20230906155644.0
007 t|
008 030224s1908 fr ||||1| fre d
100 1 _aBureau, Paul.
_932600
245 1 3 _aLa crise morale des temps nouveaux /
_cpar Paul Bureau ; préface de Alfred Croiset.
260 _aParís :
_b[s.n.,
_c1908] (
_fF. Blétit)
300 _aXI, 460 p. ;
_c19 cm.
700 1 _aCroiset, Alfred.
_941668
852 _aES-MaACL
_jF-12579
999 _c37854
_d37854